| 000 | 00545cam a22002171 4500 | ||
|---|---|---|---|
| 001 | sa 65000709 | ||
| 003 | DLC | ||
| 005 | 20260227112104.0 | ||
| 008 | 950303s1963 ii ab 000 0 maro | ||
| 010 | _asa 65000709 | ||
| 025 | _aPL480:I-Mar-605 | ||
| 035 | _a(OCoLC)32083996 | ||
| 040 |
_aDLC _cCU _dCU _dDLC |
||
| 050 | 0 | 0 |
_aDD43 _b.K8 |
| 100 | 1 | _aKulkarni, V. N. | |
| 245 | 1 | 0 | _aRomāñca. |
| 260 | _c[1963] | ||
| 300 |
_a196 p. _billus., col. fold. map. _c20 cm. |
||
| 500 | _aIn Marathi. | ||
| 651 | 0 |
_aGermany _xDescription and travel. |
|
| 999 |
_c61686 _d61686 |
||